000 00490nam a2200169Ia 4500
005 20250508152847.0
008 008 250505s9999 xx 000 0 eng d
037 _aBooks to be hide in OPAC
040 _aFEDL
_beng
_cFEDL
041 _aeng
_2eng
084 _a745.5932, KEL/O
_qFEDL
100 _aKelkar D G
_9762594
245 0 _aLamps of India
260 _aDelhi, India
_bThe Publications Division
_c1961
942 _cHB
_h745.5932, KEL/O
999 _c1339249
_d1339249